| 000 | 00335nam a2200133Ia 4500 | ||
|---|---|---|---|
| 005 | 20251222144802.0 | ||
| 008 | 251222s9999||||xx |||||||||||||| ||spa|| | ||
| 020 | _a968-24-3280-4 | ||
| 082 | _a338.479.1/B76 | ||
| 100 | _aBote Gómez, Venancio | ||
| 245 | 0 | _aPlanificación Económica del Turismo: | |
| 264 | _bTrillas | ||
| 942 | _cLIB | ||
| 999 |
_c19776 _d19776 |
||